[Event "ch-RUS Higher League"]
[Site "Irkutsk RUS"]
[Date "2010.09.02"]
[Round "7"]
[White "Frolyanov, D."]
[Black "Nepomniachtchi, I."]
[Result "1/2-1/2"]
[WhiteElo "2587"]
[BlackElo "2706"]
[PlyCount "102"]
[EventDate "2010.08.26"]

1. e4 c5 2. Nf3 d6 3. d4 cxd4 4. Nxd4 Nf6 5. Nc3 a6 6. Be3 e5 7. Nf3 Qc7 8. a4
Be7 9. Be2 b6 10. O-O O-O 11. Qd3 Nc6 12. Qc4 Qb7 13. Rfd1 Be6 14. Nd5 Rfc8 15.
Qb3 Rab8 16. Ng5 Bxd5 17. exd5 Na5 18. Qa2 h6 19. Nxf7 Kxf7 20. b4 Ne4 21. Bd2
Bg5 22. Be1 Nc3 23. Bxc3 Rxc3 24. bxa5 Qc8 25. Bd3 bxa5 26. Rab1 Rb4 27. Rxb4
axb4 28. Qb1 a5 29. Re1 Qg4 30. h3 Qd4 31. Qd1 Ke7 32. Qf3 b3 33. Rb1 e4 34.
Re1 e3 35. h4 Qxh4 36. Qf5 Kd8 37. g3 Qb4 38. Bb5 exf2+ 39. Kxf2 Rxc2+ 40. Kf1
Kc7 41. Re8 Kb6 42. Qd7 Rc1+ 43. Kg2 Qd2+ 44. Be2 Qxd5+ 45. Bf3 Rc2+ 46. Kh3
Qxf3 47. Qb5+ Kc7 48. Rc8+ Kxc8 49. Qd7+ Kb8 50. Qa7+ Kc8 51. Qd7+ Kxd7 1/2-1/2

[Event "39th Olympiad Men"]
[Site "Khanty-Mansiysk RUS"]
[Date "2010.09.28"]
[Round "7.1"]
[White "Ivanchuk, Vassily"]
[Black "Jobava, Baadur"]
[Result "1-0"]
[WhiteElo "2754"]
[BlackElo "2710"]
[PlyCount "67"]
[EventDate "2010.09.21"]

1. e4 c6 2. d4 d5 3. f3 Qb6 4. a3 e5 5. exd5 Nf6 6. dxe5 Bc5 7. exf6 Bf2+ 8.
Ke2 O-O 9. Qd2 Re8+ 10. Kd1 Re1+ 11. Qxe1 Bxe1 12. Kxe1 Bf5 13. Be2 Nd7 14.
dxc6 bxc6 15. Bd1 Re8+ 16. Ne2 Nxf6 17. Nbc3 Bc8 18. a4 a5 19. Rf1 Ba6 20. Rf2
h5 21. Ra3 h4 22. g3 h3 23. g4 Rd8 24. Nf4 Nd7 25. Rb3 Qd4 26. Nfe2 Re8 27. Ne4
Qxa4 28. Bd2 Qa1 29. Bc3 Ne5 30. Ra3 Qb1 31. Nd2 Qc1 32. Rxa5 Ng6 33. Rxa6 Nf4
34. Ra8 1-0

[Event "3rd Pearl Spring"]
[Site "Nanjing CHN"]
[Date "2010.10.22"]
[Round "3"]
[White "Topalov, V."]
[Black "Anand, V."]
[Result "0-1"]
[WhiteElo "2803"]
[BlackElo "2800"]
[PlyCount "66"]
[EventDate "2010.10.20"]

1. d4 Nf6 2. c4 e6 3. Nf3 d5 4. Nc3 Be7 5. Bg5 h6 6. Bh4 O-O 7. e3 Ne4 8. Bxe7
Qxe7 9. cxd5 Nxc3 10. bxc3 exd5 11. Qb3 Rd8 12. c4 Be6 13. c5 b6 14. Rc1 bxc5
15. Qa3 Nd7 16. Bb5 Bg4 17. Bxd7 Rxd7 18. Qxc5 Qe4 19. Rg1 Re8 20. Qb5 Rdd8 21.
Qe2 Rb8 22. h3 Bxf3 23. gxf3 Qf5 24. f4 Rb1 25. Rxb1 Qxb1+ 26. Qd1 Rb8 27. Ke2
Qf5 28. Rh1 Rb2+ 29. Kf3 h5 30. a4 Qe4+ 31. Kg3 h4+ 32. Kxh4 Rxf2 33. Qg4 Rg2
0-1